MSCE Windows 2000 designing all-in-one exam guide /

Đã lưu trong:
書目詳細資料
主要作者: Brelsford, Harry
其他作者: Hinrichsen, Michael
格式: Sách giấy
語言:English
出版: New York : McGraw-Hill , 2001
標簽: 添加標簽
沒有標簽, 成為第一個標記此記錄!
Thư viện lưu trữ: Thư viện Trường Đại học Đà Lạt
LEADER 00630nam a2200253 4500
001 DLU020019425
005 ##1/4/2002
020 # # |a 978- 
041 # # |a eng 
082 # # |a 005.43  |b BR-H 
100 # # |a Brelsford, Harry 
245 # # |a MSCE Windows 2000 designing all-in-one exam guide /  |c Harry Brelsford, Michael Hinrichsen 
260 # # |a New York :  |b McGraw-Hill ,  |c 2001 
300 # # |a 929 tr., ;   |c 24 cm. 
700 # # |a Hinrichsen, Michael 
992 # # |a 1052720 
994 # # |a DLU 
900 # # |a False 
911 # # |a Administrator 
925 # # |a G 
926 # # |a A 
927 # # |a SH 
980 # # |a Thư viện Trường Đại học Đà Lạt